000 00366nam a22001577a 4500
003 SGT
020 _a9789811087844
082 _a617.525
_bA19L
100 _aDapeng Lu
245 _aAtlas of Wisdom Teeth Surgery
250 _a1st
260 _aSingapore Travel Guides
_bSpringer Publisher
_c2019
300 _a1-380
650 _aORAL SURGERY
942 _2ddc
_cBK
999 _c21722
_d21722